| 000 | 00590nam a2200181 a 4500 | ||
|---|---|---|---|
| 005 | 20140412111302.0 | ||
| 008 | 001219s19uu xx 00 eng d | ||
| 020 | _a0-307-11597-6 | ||
| 050 |
_aER _bDu858 1990 |
||
| 100 | _aWest, Cindy | ||
| 245 |
_aDuck Tales : scrooge McDuck and the big surprise / _cby Cindy West ; illustrated by Bill Langely and Diana Wakeman. |
||
| 260 |
_aNew York : _bA Golden Book, _c1990. |
||
| 300 | _a32 p. ; ill. | ||
| 440 | _aA Golden Easy Reader, Level 2, Grade 1-2 | ||
| 650 | _aAdventures | ||
| 650 | _aChildren's stories -- Fiction | ||
| 999 |
_c103485 _d103485 |
||